00495 2200157 4500001002100000008004100021035002000062245011300082100001800195260003100213300002300244084001800267082000800285650002400293990002000317INLIS000000000001396 ind  a0010-1024000207 aAsas Negara Hukum, Peraturan Kebijakan & Asas-asas Umum Pemerintahan yang BaikcDr. Hotma P. Sibuea, SH., MH aSibuea, Hotma aJakarta :bErlangga,c2010 a175 hlm.c21x15 cm a351 SIB A C.1 a351 aAdministrasi Negara a200211200002509